Normal view
MARC view
- Berlin, Howard M. & Getz Jr. Frank C
Entry Personal Name
001 - CONTROL NUMBER
- control field: 82665
003 - CONTROL NUMBER IDENTIFIER
- control field: NUST
005 - DATE AND TIME OF LATEST TRANSACTION
- control field: 20210923121432.0
008 - FIXED-LENGTH DATA ELEMENTS
- fixed length control field: 210923|| aca||aabn | a|a d
040 ## - CATALOGING SOURCE
- Original cataloging agency: NUST
- Transcribing agency: NUST
100 ## - HEADING--PERSONAL NAME
- Personal name: Berlin, Howard M. & Getz Jr. Frank C
670 ## - SOURCE DATA FOUND
- Source citation: Work cat.: (NUST)173182: Berlin, Howard M. & Getz Jr. Frank C., Fundamentals Of Operational Amplifiers And Linear Integrated Circuits /, 1990
